|
|
|
|
| LEADER |
01105nam a2200277 a 4500 |
| 001 |
4381125 |
| 008 |
110312r20011991mauab b 001 0 eng d |
| 035 |
|
|
|9 (DLC) 91052813
|
| 010 |
|
|
|a 91052813
|
| 020 |
|
|
|a 0500280991
|
| 020 |
|
|
|a 0821218670 :
|c $50.00 ($62.00 Canada)
|
| 040 |
|
|
|a DLC
|c DLC
|d DLC
|b D-DhAAL
|
| 050 |
0 |
0 |
|a HT111
|b .K63 1991
|
| 082 |
0 |
0 |
|a 307.76
|2 20
|
| 100 |
1 |
|
|a Kostof, Spiro.
|
| 245 |
1 |
4 |
|a The city shaped :
|b urban patterns and meanings through history /
|c Spiro Kostof ; original drawings by Richard Tobias.
|
| 260 |
|
|
|a Boston :
|b Little, Brown,
|c c1991 reprinted 2001].
|
| 300 |
|
|
|a 352 p. :
|b ill. (some col.), maps ;
|c 26 cm.
|
| 500 |
|
|
|a "A Bulfinch Press book."
|
| 504 |
|
|
|a Includes bibliographical references (p. 341-342) and index.
|
| 541 |
1 |
|
|e 00013789
|
| 650 |
|
0 |
|a Cities and towns
|x History.
|
| 650 |
|
0 |
|a Cities and towns
|x Growth.
|
| 852 |
|
|
|a Ayesha Abed Library
|c General shelf.
|
| 999 |
|
|
|c 10519
|d 10519
|
| 952 |
|
|
|0 0
|1 0
|2 ddc
|4 0
|6 307_760000000000000_KOS
|7 0
|9 14616
|a BRACUL
|b BRACUL
|c GEN
|d 2011-03-12
|l 2
|o 307.76 KOS
|p 3010013789
|r 2014-06-02
|s 2014-05-26
|t 1
|w 2011-03-12
|y BK
|